00636nam a2200169Ia 4500008004100000100001800041245007700059245012000136260003900256260000900295300001800304440005400322650002100376650002300397650002400420650002200444170419s9999 xx 000 0 und d aChiappe, Dan. aEvaluating probe techniques and a situated theory of situation awareness cDan Chiappe, Corey A. Morgan, Joshua Kraut, Jason Ziccardi, Lindsay Sturre, Thomas Z. Strybel, and Kim-Phoung L. Vu bAmerican Psychological Association c2016 aDecember 2016 aJournal of Experimental Psychology: Appliedv22:4 aPROBE TECHNIQUES aSITUATED COGNITION aSITUATION AWARENESS aTASK INTERRUPTION